OPAC Home

කව් මිණි මල්දම (Record no. 85635)

MARC details
000 -LEADER
fixed length control field 00531nam a2200193Ia 4500
003 - CONTROL NUMBER IDENTIFIER
control field LK-CoDNM
005 - DATE AND TIME OF LATEST TRANSACTION
control field 20240314144449.0
008 - FIXED-LENGTH DATA ELEMENTS--GENERAL INFORMATION
fixed length control field 010623t1903 xxu||||| |||| 00| 1 sin d
040 ## - CATALOGING SOURCE
Original cataloging agency LK-CoDNM
Modifying agency LK-CoDNM
Description conventions LK-CoDNM
041 ## - LANGUAGE CODE
Language code of text/sound track or separate title Sinhala; Sinhalese
080 ## - UNIVERSAL DECIMAL CLASSIFICATION NUMBER
Universal Decimal Classification number 104 EE37
942 ## - ADDED ENTRY ELEMENTS (KOHA)
Koha item type Books
100 ## - MAIN ENTRY--PERSONAL NAME
Personal name Disanayake,Katuvane
700 ## - ADDED ENTRY--PERSONAL NAME
Personal name Saddhathissa thero,Ekiriya
Relator term editor
245 ## - TITLE STATEMENT
Title කව් මිණි මල්දම
246 ## - VARYING FORM OF TITLE
Title proper/short title Kaw Mini Maldama
260 ## - PUBLICATION, DISTRIBUTION, ETC. (IMPRINT)
Name of publisher, distributor, etc. M.M.P.Wijayarathna
Place of publication, distribution, etc. Colombo
Date of publication, distribution, etc. 1903
300 ## - PHYSICAL DESCRIPTION
Other physical details Damaged
Extent xxvi,208p.,21 cm
Holdings
Withdrawn status Lost status Damaged status Not for loan Collection code Permanent Location Current Location Date acquired Full call number Barcode Koha item type
        Monographs Library National Museum Colombo - Sri Lanka Library National Museum Colombo - Sri Lanka 2023-08-02 104 EE37 OB1634 Books
Copyright © 2023 Department of National Museum, Colombo 07, Sri Lanka Funded by UNESCO IFAP UNESCO